| 000 | 01099nam a2200229Ia 4500 | ||
|---|---|---|---|
| 999 |
_c34426 _d34426 |
||
| 001 | 166 | ||
| 003 | GE_BSU | ||
| 005 | 20220818141908.0 | ||
| 008 | 181216s2007||||ge |||||||||||||| ||geo|| | ||
| 020 | _a9789994068258 | ||
| 040 | _cGE_BSU | ||
| 041 | _ageo | ||
| 080 | _a339.9 რ–58 | ||
| 100 |
_aრიკარდო, დევიდ _914544 |
||
| 245 |
_aპოლიტიკური ეკონომიის და დაბეგვრის საფუძვლები = The Principles of Political Economy and Taxation / _cდევიდ რიკარდო ; თარგმნ. ინგლ. ფ. გოგიჩაიშვილის მიერ. |
||
| 264 |
_aთბილისი : _bი. ჭავჭავაძის სახელმწ. უნ-ტის გამ-ბა, _c2007. |
||
| 300 |
_a395 გვ.: _b ცხ. ; _c 28 სმ. |
||
| 653 | _aდაბეგვრა | ||
| 653 | _aპოლიტიკური ეკონომია | ||
| 700 |
_aგოგიჩაიშვილი, ფ. _eმთარგმნელი _914536 |
||
| 942 |
_cBK _2udc |
||